Race for Relevance / (Record no. 1006)

MARC details
000 -LEADER
fixed length control field 00558nam a22001697a 4500
005 - DATE AND TIME OF INPUT
control field 20231128122359.0
008 - DATA ELEMENTS--GENERAL INFORMATION
fixed length control field 231128b |||||||| |||| 00| 0 eng d
020 ## - INTERNATIONAL STANDARD BOOK NUMBER
International Standard Book Number 0880343354 ; 9780880343350
041 ## - LANGUAGE CODE
Language code of text English
082 ## - SHELF NUMBER
DDC number 340.1 COE
100 ## - MAIN AUTHOR
Main author's name Coerver, H and Byers, M
Language of a work English
245 ## - TITLE STATEMENT
Title Race for Relevance /
Statement of responsibility, etc. H Coerver and M Byers
260 ## - PUBLICATION, DISTRIBUTION, ETC.
Place of publication, distribution, etc. Washington, DC :
Name of publisher, distributor, etc. The Centre for Association Leadership,
Date of publication, distribution, etc. 2011
300 ## - PHYSICAL DESCRIPTION
Other physical details viii, 160 pages ;
Dimensions 25 cm.
650 ## - SUBJECT`
Broad subject Legal practice
Own subject terms Law
942 ## - ADDED ENTRY ELEMENTS (KOHA)
Item type Books
942 ## - ADDED ENTRY ELEMENTS (KOHA)
-- ALISON_BN_VRIES
Holdings
Source of classification or shelving scheme Not for loan Collection code Home library Current library Shelving location Date acquired Full call number Barcode Price effective from Koha item type
Dewey Decimal Classification   TEXT BOOKS LAW SOCIETY OF NAMIBIA LIBRARY - WINDHOEK LAW SOCIETY OF NAMIBIA LIBRARY - WINDHOEK General Shelf 11/28/2023 340.1 COE LSN/2017/5 11/28/2023 Books